000
00254nam a22001097a 4500
999
_c
65104
_d
65101
082
_a
۲۹۷۰۹۲۲ ا ب د
100
_a
ابوالحسن
245
_a
نبئ رحمت صلی اللہ علیے
260
_a
کراچی
300
_a
۲۶۴
942
_c
BK